000 00374pab a2200157 454500
008 180718b2001 xxu||||| |||| 00| 0 eng d
100 _aKak, Kapil
245 _aA century of air power: lessons and pointers
260 _c2001
300 _ap.2111-127
362 _aMar
650 _aAir power
650 _aAir warfare
773 _aStrategic Analysis
909 _a47787
999 _c47787
_d47787